书目信息 |
| 题名: |
安全科学原理
|
|
| 作者: | 吴超, 编著 | |
| 分册: | ||
| 出版信息: | 北京 机械工业出版社 2018.11 |
|
| 页数: | 289页 | |
| 开本: | 26cm | |
| 丛书名: | ||
| 单 册: | ||
| 中图分类: | X9 | |
| 科图分类: | ||
| 主题词: | 安全科学--an quan ke xue | |
| 电子资源: | ||
| ISBN: | 978-7-111-60941-4 | |
| 000 | 01106nam0 2200277 450 | |
| 001 | 202019135381 | |
| 005 | 20191007123107.0 | |
| 010 | @a978-7-111-60941-4@dCNY49.80 | |
| 100 | @a20191004d2018 em y0chiy50 ea | |
| 101 | 0 | @achi |
| 102 | @aCN@b110000 | |
| 105 | @aak a 000yy | |
| 106 | @ar | |
| 200 | 1 | @a安全科学原理@Aan quan ke xue yuan li@d= Principles of safety & security science@f吴超编著@zeng |
| 210 | @a北京@c机械工业出版社@d2018.11 | |
| 215 | @a289页@c图@d26cm | |
| 300 | @a“十三五”国家重点出版物出版规划项目 双色印刷 | |
| 314 | @a吴超, 1957年出生, 男, 汉族, 广东揭阳人, 工学博士, 中南大学教授、博士生导师。 | |
| 320 | @a有书目 (第286-289页) | |
| 330 | @a本书主要介绍通用层面的安全科学原理。内容包括: 安全哲学原理、事故预防原理、风险管理原理、安全模型原理、安全人因科学原理、安全自然科学原理、安全技术科学原理、安全社会科学原理、安全系统科学原理等。 | |
| 510 | 1 | @aPrinciples of safety & security science@zeng |
| 606 | 0 | @a安全科学@Aan quan ke xue |
| 690 | @aX9@v5 | |
| 701 | 0 | @a吴超,@Awu chao@f1957-@4编著 |
| 801 | 0 | @aCN@c20190905 |
| 905 | @a河南城建学院图书馆@dX9@eW756 | |
| 安全科学原理= Principles of safety & security science/吴超编著.-北京:机械工业出版社,2018.11 |
| 289页:图;26cm |
| “十三五”国家重点出版物出版规划项目 双色印刷 |
| ISBN 978-7-111-60941-4:CNY49.80 |
| 本书主要介绍通用层面的安全科学原理。内容包括: 安全哲学原理、事故预防原理、风险管理原理、安全模型原理、安全人因科学原理、安全自然科学原理、安全技术科学原理、安全社会科学原理、安全系统科学原理等。 |
| ● |
| 相关链接 |
|
|
|
正题名:安全科学原理
索取号:X9/W756
 
预约/预借
| 序号 | 登录号 | 条形码 | 馆藏地/架位号 | 状态 | 备注 |
| 1 | 1444093 | 214440933 | 自科库501/501自科库 118排2列3层/ [索取号:X9/W756] | 在馆 | |
| 2 | 1444094 | 214440942 | 自科库501/501自科库 118排2列3层/ [索取号:X9/W756] | 在馆 |